| 000 | 00721nam a2200217 a 4500 | ||
|---|---|---|---|
| 001 | 000034542 | ||
| 005 | 20200930073745.0 | ||
| 008 | 111006s1942 ag 000 0 spa d | ||
| 040 |
_aDO-SdBNP _bspa _cBNPHU |
||
| 082 |
_axxx _bA719d |
||
| 100 | 1 |
_aAriztimuño, José De, _959977 |
|
| 245 | 1 | 3 |
_aLa democracia en euzkadi : _bensayo histórico jurídico / _cJosé de Ariztimuño. |
| 260 |
_aBuenos Aires : _bVasca Ekin, _c1942. |
||
| 300 |
_a302 p. ; _c18 cm. |
||
| 490 | 1 | _aBiblioteca de Cultura Vasca | |
| 490 | 1 |
_aBelgrano; _v1141 |
|
| 504 | _aIncluye referencias bibliográficas y notas al pie de las páginas. | ||
| 830 | 0 |
_aBiblioteca de Cultura Vasca _959978 |
|
| 830 | 0 |
_aBelgrano; _v1141 _959979 |
|
| 049 | _aBNGR | ||
| 999 |
_c34033 _d34033 |
||